00310nam a22001337a 4500008004100000020001800041041000800059080001200067100000600079101000800085245005400093942001200147999001700159180919b xxu||||| |||| 00| 0 eng d a9781455739080 aeng a616.053 a8 aPED aPediatric Clinics Of North AmericacPatel.D.R 2udccBK c48022d48022